Apie Vilniaus Sv. Dvasios bažnyčioje rastus relikvijorius, jų puošybą ir relikvijas

Titel: Apie Vilniaus Sv. Dvasios bažnyčioje rastus relikvijorius, jų puošybą ir relikvijas / Asta Giniūnienė, Svetlana Poligienė
Verfasser: ;
In: Excellentia virtutum: šventieji Lietuvos kultūroje, (2019), Seite 191-235
alle Artikel anzeigen
Veröffentlicht: 2019
Umfang: 43 Illustrationen
Format: Aufsatz
Sprache: Litauisch
Schlagworte:
Kein Bild verfügbar
X
alg: 48197671
001A    $03025:27-07-21 
001B    $01999:27-07-21 $t23:48:48.000 
001D    $03025:27-07-21 
001U    $0utf8 
001X    $00 
002@    $0Aou 
002C    $aText $btxt $2rdacontent 
002D    $aohne Hilfsmittel zu benutzen $bn $2rdamedia 
002E    $aBand $bnc $2rdacarrier 
003@    $048197671X 
007A    $048197671X $aHEB 
010@    $alit 
010E    $erda 
011@    $a2019 
021A    $aApie Vilniaus Sv. Dvasios bažnyčioje rastus relikvijorius, jų puošybą ir relikvijas $hAsta Giniūnienė, Svetlana Poligienė 
028A    $BVerfasser $4aut $7105994264X $8Giniūnienė, Asta$Z1961- [Tp3] $9348920318 
028C    $BVerfasser $4aut $7 $8Poligienė, Svetlana [Tnd] $9225753642 
031A    $g45 $h191-235 $j2019 
034M    $a43 Illustrationen 
037A    $aRelikvienkatalog d. Heiligengeistkirche in Vilnius (Vilniaus Sv. Dvasios bažnyčioje inventorizuotų relikvijorių katalogas) Seite 223-235 
039B    $aEnthalten in $8--Aau--. Excellentia virtutum: šventieji Lietuvos kultūroje. - Vilnius : Lietuvos kultūros tyrimų institutas, 2019. - 343 Seiten. - illustrationen. - ISBN 978-609-8231-13-7 $x201900000000000809 $9474357945 
044K    $RPolen $RGroßfürstentum Litauen $#Republik beider Völker $#Königliche Republik der Polnischen Krone und des Großfürstentums Litauen $#Rzeczpospolita Korony Polskiej i Wielkiego Księstwa Litewskiego $#Polish–Lithuanian Commonwealth $#Respublica sive Status Regni Poloniae, Lituaniae, Prussiae, Livoniae etc. $#Regnum Poloniae Magnusque Ducatus Lithuaniae $#Rzeczpospolita Obojga Narodów $#Abiejų Tautų Respublika $71060577984 $8Polen-Litauen [Tg1] $9349697558 
044K    $RWilna $#Wilna $#Wilna Vilnius $#Wilnjus $#Wilno $#Vilna $#Vilni $#Wilniuje $#Wilna $75057560-0 $8Vilnius [Tg1] $9044721684 
044K    $#Reliquaries $#Reliquaires $#Relicarios $74177750-5 $8Reliquiar [Ts1] $9085839876 
044K    $RKunst $#Art and religion $#Arts and religion $#Art et religion $#Arts et religion $#Arte y religión $#Sakralkunst $#Sakrale Kunst $74193793-4 $8Religiöse Kunst [Ts1] $9085968226 
044K    $#Civilization, Baroque $#Baroque $#Barocco $#Barroco $#Barockzeit $#Barockzeitalter $74004541-9 $8Barock [Ts1] $9085004049 
044K    $RVerehrung $#Saints Cult $#Saints Culte $#Santos cristianos Culto $#Hagiodulie $#Heiligenkult $#Heiliger Verehrung $74024052-6 $8Heiligenverehrung [Ts1] $908505979X 
044K    $#Relics $#Reliques $#Reliquias $#Heiligenreliquie $#Heiltum $74177751-7 $8Reliquie [Ts1] $9085839884 
045F    $a200.9479309033 $eDDC23BSB 
045F/01 $a200.9 
045F/03 $f09033 
045F/03 $f0904 
045F/03 $g4793 
045R    $aKirchengeschichte 1700-2019 
046L    $aEnglische Zusammenfassung unter dem Titel: Reliquaries found in the Church of the Holy Spirit in Vilnius: their decoration and relics 

lok: 48197671 78

exp: 48197671 78 1 #EPN
201B/01 $027-07-21 $t12:45:14.000 
201C/01 $027-07-21 
201U/01 $0utf8 
203@/01 $01162432195 
208@/01 $a27-07-21 $be 
209A/01 $a/ $f000 $x00 
209A/01 $ab*p $x01 
220C/01 $akoe 
247C/01 $82080>Marburg/Lahn, Herder-Institut, Forschungsbibliothek, Bibliographieportal $9336309341
LEADER 00000caa a2200000 c 4500
001 48197671X
003 DE-603
005 20210727234848.0
007 tu
008 210727s2019 xx |||| | u00||u|lit c
035 |a (DE-599)HEB48197671X 
040 |a DE-603  |b ger  |c DE-603  |d DE-603  |e rda 
041 |a lit 
082 0 4 |8 1\u  |a 200.9479309033  |q DE-101  |2 23/BSB 
085 |8 1\u  |b 200.9 
085 |8 1\u  |z 1  |s 09033 
085 |8 1\u  |z 1  |s 0904 
085 |8 1\u  |z 2  |s 4793 
100 1 |a Giniūnienė, Asta  |d 1961-  |e Verfasser  |4 aut  |0 (DE-603)348920318  |0 (DE-588)105994264X  |2 gnd 
245 0 0 |a Apie Vilniaus Sv. Dvasios bažnyčioje rastus relikvijorius, jų puošybą ir relikvijas  |c Asta Giniūnienė, Svetlana Poligienė 
264 0 |c 2019 
300 |b 43 Illustrationen 
336 |a Text  |b txt  |2 rdacontent 
337 |a ohne Hilfsmittel zu benutzen  |b n  |2 rdamedia 
338 |a Band  |b nc  |2 rdacarrier 
500 |a Relikvienkatalog d. Heiligengeistkirche in Vilnius (Vilniaus Sv. Dvasios bažnyčioje inventorizuotų relikvijorių katalogas) Seite 223-235 
546 |a Englische Zusammenfassung unter dem Titel: Reliquaries found in the Church of the Holy Spirit in Vilnius: their decoration and relics 
648 7 |a Kirchengeschichte 1700-2019  |2 gnd 
650 7 |a Reliquiar  |0 (DE-588)4177750-5  |0 (DE-603)085839876  |2 gnd 
650 7 |a Religiöse Kunst  |0 (DE-588)4193793-4  |0 (DE-603)085968226  |2 gnd 
650 7 |a Barock  |0 (DE-588)4004541-9  |0 (DE-603)085004049  |2 gnd 
650 7 |a Heiligenverehrung  |0 (DE-588)4024052-6  |0 (DE-603)08505979X  |2 gnd 
650 7 |a Reliquie  |0 (DE-588)4177751-7  |0 (DE-603)085839884  |2 gnd 
651 7 |a Polen-Litauen  |0 (DE-588)1060577984  |0 (DE-603)349697558  |2 gnd 
651 7 |a Vilnius  |0 (DE-588)5057560-0  |0 (DE-603)044721684  |2 gnd 
700 1 |a Poligienė, Svetlana  |e Verfasser  |4 aut  |0 (DE-603)225753642 
773 0 8 |i Enthalten in  |t Excellentia virtutum: šventieji Lietuvos kultūroje  |d Vilnius : Lietuvos kultūros tyrimų institutas, 2019  |h 343 Seiten, illustrationen  |z 9786098231137  |g (2019), Seite 191-235  |w (DE-603)474357945 
924 0 |9 2080  |a (DE-603)1162432195  |b DE-2080  |c HES  |d d  |g /